000 00264nam a2200109Ia 4500
008 260210s9999 xx 000 0 und d
020 _a9781682859193
100 _aKenneth Frost,
245 0 _aKey Concepts in Urban Studies`
260 _bWillford Pr.
942 _cPG
999 _c14039
_d14039